| 000 | 00691nam a2200229Ia 4500 | ||
|---|---|---|---|
| 003 | OSt | ||
| 005 | 20241106101311.0 | ||
| 008 | 210716s1971 xx 000 0 und d | ||
| 020 | _a0070994250 | ||
| 040 | _cAIMIT LIBRARY | ||
| 041 | _aeng | ||
| 082 |
_a519.7 _21 _bLOON |
||
| 100 |
_aLoomba, N Paul. _9184310 |
||
| 245 |
_aLinear programming : _bintroductory analysis / _cBy N Paul Loomba. |
||
| 250 | _a1st ed. | ||
| 260 |
_aNew Delhi : _bTata Mc Graw Hill Publishing Company , _c1971. |
||
| 300 |
_axvi,284p. ; _bPB _c22.5 cm |
||
| 650 |
_aThe graphical method _9184311 |
||
| 650 |
_aMatrices and vectors _9184312 |
||
| 650 |
_aThe dual _9184313 |
||
| 942 |
_2ddc _cBK _e1st _k519.7 LOON |
||
| 999 |
_c199337 _d199337 |
||